000 00361nam a2200133Ia 4500
008 151021s9999 xx 000 0 und d
020 _a70615845
050 _aRJ131.S26 2000
245 _a_Child Development(11th ed.)
260 _aIndia Tata McGraw-Hill
300 _axxxii,585p;ill.
650 _a_child development
980 _a^d20110324 10:54:47^okorir
999 _c6197
_d6197